Catálogo - Centro de Recursos para el Aprendizaje y la Investigación
Volver al Sitio - CRAI Biblioteca| 000 -CABECERA | |
|---|---|
| campo de control de longitud fija | 01364nam a22002657a 4500 |
| 001 - NÚMERO DE CONTROL | |
| campo de control | 114041 |
| 003 - IDENTIFICADOR DEL NÚMERO DE CONTROL | |
| campo de control | DR-UNIBE |
| 005 - FECHA Y HORA DE LA ÚLTIMA TRANSACCIÓN | |
| campo de control | 20260219093343.0 |
| 008 - DATOS DE LONGITUD FIJA--INFORMACIÓN GENERAL | |
| campo de control de longitud fija | 250808b2019 dr ||||| |||| 00| 0 spa d |
| 020 ## - NÚMERO INTERNACIONAL ESTÁNDAR DEL LIBRO | |
| Número Internacional Estándar del Libro | 9789945168082 |
| 040 ## - FUENTE DE LA CATALOGACIÓN | |
| Centro catalogador/agencia de origen | BIBLIOTECA UNIBE |
| Centro/agencia transcriptor | BIBLIOTECA UNIBE |
| Normas de descripción | rda |
| 041 ## - CÓDIGO DE LENGUA | |
| Código de lengua del texto/banda sonora o título independiente | spa |
| 082 ## - NÚMERO DE LA CLASIFICACIÓN DECIMAL DEWEY | |
| Número de clasificación | RD 616.891 V496h 2019 |
| 100 ## - ENTRADA PRINCIPAL--NOMBRE DE PERSONA | |
| Nombre de persona | Vergés, Luis |
| Fechas asociadas al nombre | 1962- |
| 9 (RLIN) | 155742 |
| 245 10 - MENCIÓN DE TÍTULO | |
| Título | Habilidades para la entrevista psicoterapéutica en la práctica clínica / |
| Mención de responsabilidad, etc. | Luis Vergés |
| 250 ## - MENCIÓN DE EDICIÓN | |
| Mención de edición | Sexta edición |
| 260 ## - PUBLICACIÓN, DISTRIBUCIÓN, ETC. | |
| Lugar de publicación, distribución, etc. | Santo Domingo : |
| Nombre del editor, distribuidor, etc. | [Editor no identificado], |
| Fecha de publicación, distribución, etc. | 2019 |
| 300 ## - DESCRIPCIÓN FÍSICA | |
| Extensión | 370 páginas |
| 505 ## - NOTA DE CONTENIDO CON FORMATO | |
| Nota de contenido con formato | Introducción |<br/>Aspectos generales de la entrevista psicoterapéutica y de la conserjería|<br/> Tipos de entrevistas|<br/>Cualidades esenciales de un entrevistador | <br/>La personalidad del terapeuta y su papel en el proceso de entrevista | <br/>La entrevista inicial y su papel en el proceso terapéutico y/o de consejería |<br/>Habilidades para fomentar una relación de colaboración en la entrevista |<br/>Conducta no verbal del cliente |<br/>Los diferentes tipos de respuestas del terapeuta o el consejero |<br/>Plan de tiramiento |<br/>Apéndices | |
| 650 #7 - PUNTO DE ACCESO ADICIONAL DE MATERIA--TÉRMINO DE MATERIA | |
| Fuente del encabezamiento o término | lemb |
| Término de materia o nombre geográfico como elemento de entrada | Psicoterapia |
| Subdivisión de forma | Entrevistas |
| 9 (RLIN) | 202543 |
| 650 #7 - PUNTO DE ACCESO ADICIONAL DE MATERIA--TÉRMINO DE MATERIA | |
| Fuente del encabezamiento o término | lemb |
| Término de materia o nombre geográfico como elemento de entrada | Psicología |
| 700 1# - PUNTO DE ACCESO ADICIONAL--NOMBRE DE PERSONA | |
| Nombre de persona | Cuevas, Yris M. |
| Término indicativo de función/relación | diagramador |
| 9 (RLIN) | 146423 |
| 700 1# - PUNTO DE ACCESO ADICIONAL--NOMBRE DE PERSONA | |
| Nombre de persona | Llano, Kilia |
| Término indicativo de función/relación | ilustrador |
| 9 (RLIN) | 198278 |
| 942 ## - ELEMENTOS DE PUNTO DE ACCESO ADICIONAL (KOHA) | |
| Fuente del sistema de clasificación o colocación | Sistema de Clasificación Decimal Dewey |
| Tipo de ítem Koha | Libro (general) |
| Estado de retiro | Estado de pérdida | Fuente del sistema de clasificación o colocación | No para préstamo | Código de colección | Localización permanente | Fecha de adquisición | Total de préstamos | Signatura topográfica completa | Código de barras | Fecha visto por última vez | Número de copia | Precio válido a partir de | Tipo de ítem Koha | Ubicación en estantería |
|---|---|---|---|---|---|---|---|---|---|---|---|---|---|---|
| Disponible | Sistema de Clasificación Decimal Dewey | Reserva | Biblioteca Central UNIBE | 08/08/2025 | RD 616.891 V496h 2019 | 250977 | 08/08/2025 | Ej. 1 | 08/08/2025 | Libro (reserva) | ||||
| Disponible | Sistema de Clasificación Decimal Dewey | General | Biblioteca Central UNIBE | 08/08/2025 | RD 616.891 V496h 2019 | 250978 | 08/08/2025 | Ej. 2 | 08/08/2025 | Libro (general) | Área de exhibición |